LDR 01043naa#a2200193#i#450# 001 RU\\bibl\124367 005 20260607014241.7 011 ## _a2073-1574 100 ## _a20260529b2026####ek#y0rusy0150####ca 102 ## _aRU 200 1# _aПроектирование стенда на базе судового дизеля 4NVD26-2 и реверс-редуктора WWuA 172/04 для исследования крутильных колебаний _eЖурнальная статья 210 1# _aАстрахань _cАстраханский государственный технический университет _d2026 215 ## _a7 с. 608 ## _aЖурнальная статья _2local 675 ## _aВодные средства транспорта. Плавучие средства. Судостроение. 629.12 _z 700 #1 _aПокусаев _gМихаил Николаевич 700 #1 _aСибряев _gКонстантин Олегович 700 #1 _aТурченков _gИван Сергеевич 856 4# _avestnik.astu.org _u